000 01182nam2a2200229 4500
001 rc\2893089
005 20260315070957.0
035 _a(NLR Aleph) 007204831
090 _a13629010
_c13629010
100 _a20110726d1935 u y0rusy50 ca
101 0 _arus
102 _aRU
105 _ay z |||||
200 1 _aТипы трансформаторов тока
_hЧ. 2
_iТрансформатор тока типа ТКФ
210 _d[1935]
225 1 _aВсесоюзный электротехнический трест
_vОктябрь 1935 г.
461 0 _1001rc\2893023
_12001#$aКаталог ... устройств высокого напряжения$eСентябрь 1931. № 1-13а$fВЭО$v№ 13а-[5]
_97650331
_aСССР. Главное управление электромашиностроительной промышленности
_c[Москва]
_d[1931]-1941
_fВЭО
_nГос. науч.-техн. изд-во
_oСентябрь 1931. № 1-13а
_tКаталог ... устройств высокого напряжения
_v№ 13а-[5]
801 0 _aRU
_bNLR
_gpsbo
801 1 _aRU
_bELAR
_2rusmarc
852 _aNLR
_j32-19/512
942 _cUNSPEC
980 _aNB